Statistics for Portuguese Vehicle Vocabulary

Click here to take the quiz!

General Stats

  • This quiz has been taken 9 times
  • The average score is 25 of 43

Answer Stats

Hint Answer % Correct
carcarro
100%
taxitáxi
100%
busônibus
100%
traintrem
88%
to goir
88%
windowjanela
88%
airplaneavião
88%
to stopparar
75%
mirrorespelho
75%
doorporta
75%
tirepneu
75%
boatbarco
75%
enginemotor
75%
to fly (pilot)pilotar
63%
shipnavio
63%
lightluz
63%
passengerpassageiro
63%
brakefreio
63%
gasolinegasolina
63%
wheelroda
63%
truckcaminhão
63%
seatassento
63%
vanvan
63%
trailerreboque
50%
traffictráfego
50%
to drivedirigir
50%
to sailvelejar
50%
helicopterhelicóptero
50%
to steerdirigir
50%
steering wheelvolante
50%
submarinesubmarino
50%
sailvela
50%
seatbeltcinto de segurança
50%
drivermotorista
38%
gas pedalpedal do acelerador
38%
ticketbilhete
38%
handlecabo
25%
to turndobrar
25%
propellerhélice
25%
pick-up truckPick-up
25%
sailboatveleiro
25%
railingcorrimão
0%
turn signalsinal de volta
0%

Score Distribution

Percentile by Number Answered

Percent of People with Each Score

Your Score History

You have not taken this quiz